| 000 | 00921nas a2200313 4500 | ||
|---|---|---|---|
| 001 | BR0903699 | ||
| 003 | BR-BrBNA | ||
| 005 | 20231205113454.0 | ||
| 007 | ta | ||
| 008 | 230509b bl.|||p| |||| 00| 00por d | ||
| 040 |
_aBR-BrBNA _bpor _cBiblioteca Nacional de Agricultura |
||
| 041 | _a(Pt) | ||
| 072 | _aS30 | ||
| 100 | 1 | _aVieira, M.N.C.M. | |
| 100 | 1 | _aFerriani, M.G.C. | |
| 100 | 1 | _aGomes, R. | |
| 100 | 1 | _aSantos, G.V.B. dos | |
| 100 | 1 | _aMarchi, E.M.M. | |
| 245 | 1 | _aGestão de um programa de alimentação escolar em um município paulista | |
| 650 | _aALIMENTO | ||
| 650 | _aECOLA | ||
| 650 | _aPOLÍTICAS PÚBLICAS | ||
| 650 | _aADMINISTRAÇÃO | ||
| 650 | _aPROGRAMA DE NUTRIÇÃO | ||
| 650 | _aSÃO PAULO | ||
| 773 | 0 |
_tSegurança Alimentar e Nutricional (Brazil) _xISSN 1808-8023 _g(2008), v. 15(1) p. 29-48 _wBR0903699 |
|
| 909 |
_a202311 _bLúcia _c55 _dLúcia Elande |
||
| 942 |
_2AGRIS _n0 _cANA |
||
| 999 |
_c203961 _d203961 |
||